000 01025naa a22002897a 4500
001 BR8106280
003 BR-BrBNA
005 20240918174922.0
007 ta
008 230509b bl.||||| |||| 00| 0 por d
040 _aBR-BrBNA
_bpor
_cBiblioteca Nacional de Agricultura
041 _a(Pt)
072 _aF00
_b0430
_bG514
090 _aF00 BR8106280
100 1 _aLaca-Buendia, J.P. del C.
245 1 _aEfeito da epoca da capacao na producao do algodoeiro herbaceo (Gossypium hirsutum L.), no Triangulo Mineiro [Minas Gerais, Brasil]
260 3 _aBelo Horizonte, MG (Brasil):
_c1981.
500 _aProjeto algodao. Relatorio 76/78 Belo Horizonte, MG (Brasil): 1981. p. 155-157 (BR8106280-AM)F00
650 _aALGODAO HERBACEO
650 _aPODA
650 _aRENDIMENTO
650 _aTRIANGULO MINEIRO
650 _aMINAS GERAIS
773 0 _tProjeto algodao. Relatorio 76/78
_wF00 BR8106280
_gBelo Horizonte, MG (Brasil), 1981. p. 155-157
909 _a202404
_bLucia
_c55
_dLucia Elande
942 _cAM
_2AGRIS
999 _c314350
_d314350